000 00303nam a2200121 a 4500
005 20140414093847.0
008 100616s19uu xx uuu eng d
050 _aCDR 899.2103
_bRIZ #9
100 _aRizal, Jose
245 _aNoli me tangere :
_bang pagbubunyag (9).
942 _cAVM
999 _c109668
_d109668